000 00430nam a2200193Ia 4500
005 20240823061747.0
008 240823s9999||||xx |||||||||||||| ||und||
020 _a81-89638-88-2
041 _aENGLISH
082 _A809 Q4
100 _aBalasubramanian
245 0 _aMangaai pal
250 _a1st
260 _c2014
_bAnuradha Publica
500 _aYES
650 _aTamil novel
_bGeneral
942 _cBK
999 _c234286
_d234286